Living Memory - MEVA
Descripción Física:
[8] p. : il. col. ; 21 x 15 cm
Otros Autores:
Projecte Living Memory
MARC
| LEADER | 00000nam a2200000Ia 4500 | ||
|---|---|---|---|
| 001 | 24275 | ||
| 008 | 160829s9999 xx 000 0 cat d | ||
| 080 | |a FU-64-114 | ||
| 245 | |a Living Memory - MEVA | ||
| 260 | |a [Barcelona] : |b [Diputació de Barcelona. Àrea d'Educació], DL 2007 | ||
| 300 | |a [8] p. : |b il. col. ; |c 21 x 15 cm | ||
| 590 | |a Text en anglès | ||
| 650 | |a Projecte Living Memory |x Guies |9 50097 | ||
| 650 | |a Educació d'adults |x Barcelona (Província) |9 50436 | ||
| 650 | |a Ensenyament a distància |x Barcelona (Província) |9 50099 | ||
| 700 | |a Projecte Living Memory |9 50100 | ||
| 710 | |a Barcelona (Catalunya : Província). |b Àrea d'Educació |9 8009 | ||
| 901 | |a Arxiu | ||
| 942 | |n 1 | ||
| 952 | |0 0 |1 0 |4 0 |6 FU64114 |7 1 |9 55784 |a Arxiu |b Arxiu |d 2016-12-01 |l 0 |o FU-64-114 |p 24275 |r 2016-12-01 00:00:00 |w 2016-12-01 |y ARXIU | ||
| 999 | |c 59657 |d 59657 | ||